| 000 | 00411nam a22001577a 4500 | ||
|---|---|---|---|
| 005 | 20160521112153.0 | ||
| 008 | 160521b xxu||||| |||| 00| 0 eng d | ||
| 041 | _aeng | ||
| 082 | _b3726 | ||
| 100 |
_aDr. A.K. Sen Dr. A.B. Bhattacharya _9940 |
||
| 245 | _aRadar Systems and Radio Aids to Navigation | ||
| 260 |
_bKhanna Publishing _c2003 |
||
| 300 | _a541 | ||
| 650 |
_aDIPLOMA ENGINEERING _9817 |
||
| 942 | _cBK | ||
| 999 |
_c1282 _d1282 |
||